Uusi päivä-hahmojen näyttelijät - Statistics

Yleistilastot
  • Tätä visaa on pelattu 211 kertaa
  • Keskiarvotulos 43 / 75
Vastaustilastot
Hint Vastaus % Oikein
Inga Sulin Aino Haavisto
98%
Sanni Haahdenmaa Elina Haavisto
93%
Antti Majanlahti Asko Haavisto
89%
Esko Roine Ensio Haavisto
89%
Anu Niemi Minna Haavisto
89%
Valtteri Lehtinen Jani Hellemaa
83%
Kai Vaine Niklas Järvelä
83%
Atte Reunanen Osku Haavisto
82%
Rosa Hautala Vilma Haavisto
82%
Thelma Siberg Krista Kortelainen
81%
Ronja Alatalo Stella Kuparinen
81%
Fanni Suomi Tuija Haavisto
80%
Anette Aghazarian Anni Malinen
79%
Lari Halme Tero Kuusla
79%
Amelie Blauberg Iiris Rainio
78%
Aku Sipola Reino Tuominen
78%
Hanna-Riikka Siitonen Lisbeth "Lissu" Kanerva 1
77%
Helena Rängman Marika Ruuskanen-Kuusla
77%
Panu Mikkola Lauri Kallio
76%
Aimo Räsänen Otso Karhu
76%
Siiri Partanen Cicca Kallas
72%
Suvi Hurme Emmi Lukkari
72%
Janne Virtanen Saku Rainio
72%
Hennariikka Laaksola Sonja Ollila
72%
Kalle Ruusukallio Aapo Rönkkö
70%
Eemu Korpela Karri Palomäki
70%
Antti Väre Tomi Karhu
70%
Elias Gould Tiitus Koistinen
69%
Matti Leino Sakari Määttä
68%
Valpuri Jokitie Aava Helminen
67%
Juuso Pekkinen Aleksi Ruuskanen
66%
Eemeli Sutelainen Eppu Palomäki
66%
Satu Silvo Jaana Jokela
66%
Inka Kallén Mirja Mäkimaa
66%
Eetu Autio Väinö Haavisto
66%
Eppu Salminen Jukka Hiltunen
64%
Joel Bonsdorff Lenni Morris
64%
Lotta Lehtikevari Maria Nikko
64%
Ville Rossi Roni Sirén
63%
Mari Posti Lisbeth "Lissu" Kanerva 2
62%
Eeva Rajakangas Kaisla Helminen
61%
Mebest "Mebe" Rasid Azad Sorani
60%
Arttu Soilumo Joonas "Jimi" Aro
60%
Amira Khalifa Petra Kaakko
51%
Toni Nikka Pyry Helminen
48%
Vieno Virtanen Emma Rannila
46%
Allu Tuppurainen Veikko Honkala
46%
Miro Puranen Iiro Rainio
44%
Laura Allonen Silja Ollila 2
43%
Ville-Veikko Airaniemi Rasmus Nikko
42%
Margit Tuomi Hilkka Ranta
40%
Joes Teka Veeti Susimaa
40%
Juhani Laitala Pentti Ruuskanen
39%
Kaisa Hela Leila Malinen
38%
Ella Tamminen Nanna Summanen
38%
Saara Kotkaniemi Silja Ollila 1
38%
Vilma Kinnunen Terhi Sillanpää
38%
Tobias Mäkinen Oula Haavisto
37%
Lotta Lehtikari Maija Helminen
36%
Kari Kinnaslampi Raimo ”Kukko” Koistinen
36%
Rebecca Viitala Lotta Sund
32%
Milla Kangas Päivikki Summanen
32%
Oskar Sara-Aho Peetu Määttä
32%
Jyrki Mänttäri Jarkko Rannila
31%
Soili Markkanen Irma Alajoki
30%
Petra Karjalainen Laura Sirén
28%
Tommi Raitolehto Markku Lukkari
28%
Sonja Halla-aho Mirkku Virkkunen
26%
Janne Raudaskoski Juha Holma
24%
Jyrki Nousiainen Eelis Karhu
23%
Teija Vallinaho Irmeli Laakso
22%
Niina Sirén-Haapasaari Onerva Rannila
22%
Pedram Notash Ismet Sadik
21%
Harri Liuksiala Ugur Budak
13%
Mirja Oksanen Pirkko Kujala
12%
Ehtoja vastaavia visoja ei löytynyt
Tulosjakauma
Jokaisen tuloksen saaneiden osuus
Persentiili vastausten määrän mukaan
Tuloshistoriasi
Et ole pelannut tätä visaa